South Eastern Kenya University

Library Online Public Access Catalogue


Rain catchment and water supply in rural Africa : a manual (Record no. 18683)

MARC details
000 -LEADER
fixed length control field 00453nam a22001697a 4500
003 - CONTROL NUMBER IDENTIFIER
control field OSt
005 - DATE AND TIME OF LATEST TRANSACTION
control field 20251126110435.0
008 - FIXED-LENGTH DATA ELEMENTS--GENERAL INFORMATION
fixed length control field 251126b |||||||| |||| 00| 0 eng d
040 ## - CATALOGING SOURCE
Original cataloging agency SEKU
050 ## - LIBRARY OF CONGRESS CALL NUMBER
Classification number TD 418
Item number .R35
100 ## - MAIN ENTRY--PERSONAL NAME
Personal name Peterson, Nissen Erick
245 ## - TITLE STATEMENT
Title Rain catchment and water supply in rural Africa : a manual
260 ## - PUBLICATION, DISTRIBUTION, ETC. (IMPRINT)
Place of publication, distribution, etc. London:
Name of publisher, distributor, etc. Hodder and Stoughton
Date of publication, distribution, etc. 1982.
300 ## - PHYSICAL DESCRIPTION
Extent 83p.:
650 ## - SUBJECT ADDED ENTRY--TOPICAL TERM
Topical term or geographic name as entry element Rain
General subdivision Rural
Geographic subdivision Africa
942 ## - ADDED ENTRY ELEMENTS (KOHA)
Source of classification or shelving scheme Library of Congress Classification
Koha item type General circulation
Holdings
Withdrawn status Lost status Source of classification or shelving scheme Damaged status Not for loan Home library Current library Shelving location Date acquired Source of acquisition Total Checkouts Full call number Barcode Date last seen Price effective from Koha item type
    Library of Congress Classification     SEHSS - Library SEHSS - Library On Display 26/11/2025 Donation   TD 418 .R35 2023/026192 26/11/2025 26/11/2025 General circulation
Kitui, Kenya.
+254736116989
library@seku.ac.ke